Представление документа в формате RUSMARC

ПолеНазваниеЗначение
  Тип записи a
  Библиографический уровень m
001 Контрольный номер 15e3b019886c44af92eadeddecc3ac85
005 Дата корректировки 20140916111955.8
010 Индекс ISBN __
a ISBN 978-5-9916-4439-6
d Цена 449 руб. 02 коп.
101 Язык документа 0_
a Язык текста rus
102 Страна публикации __
a Страна публикации RU
200 Заглавие и сведения об ответственности 1_
a Заглавие Экономическая безопасность
b Общее обозначение материала Текст
e Сведения, относящиеся к заглавию учебник для вузов
210 Выходные данные 1_
a Место издания М.
c Издательство Юрайт
d Дата издания 2014
215 Физическое описание __
a Объем 478 с.
225 Серия 2_
a Серия Специалист
610 Ключевые слова 0_
a Ключевые слова экономическая безопасность государства
a Ключевые слова Экономическая безопасность регионов России
a Ключевые слова экономическая безопасность предприятий
a Ключевые слова экономическая безопасность личности
686 Индексы других классификаций __
a Классификационный индекс 65.2/4
701 Альтернативная интеллектуальная ответственность _1
a Фамилия Гончаренко Л.П.
702 Вторичная интеллектуальная ответственность _1
a Фамилия Акулинина
b Имя Ф.В.
801 Источник записи _0
a Страна RU
b Организация РУК
g Правила каталогизации PSBO
801 Источник записи _1
a Страна RU
b Организация РУК
g Правила каталогизации PSBO
852 Данные о местонахождении __
j Шифр хранения ББК 65.2/4
901 Тип документа __
t Тип документа m
937 Технологическая информация __
a Создатель записи (имя) Иванова
938 Служебная информация __
a Название организации Краснодарский филиал
952 Тип литературы __
c Вид литературы учебник